| 000 | 00532nam a2200193 a 4500 | ||
|---|---|---|---|
| 003 | OSt | ||
| 005 | 20140310182409.0 | ||
| 008 | 100728s19uu xx 00 eng d | ||
| 020 | _a978-971-27-2081-9 | ||
| 050 |
_aQA 63 _b.B465g 2008 |
||
| 082 |
_aFIL 516.001 _bB43 2008 |
||
| 100 | _aBenes, Salita | ||
| 245 |
_aPainless math : _bgeometry / _cSalita Benes. |
||
| 260 |
_aPasig City, Philippines : _bAnvil, _c2008. |
||
| 300 |
_a132 p. : _bill. ; _c20 cm. |
||
| 650 |
_aMathematics _xGeometry |
||
| 942 |
_cBK _2lcc |
||
| 999 |
_c12803 _d12803 |
||